000 00428nam a22001577a 4500
008 240829b |||||||| |||| 00| 0 eng d
020 _a9748630293
082 _a599.67 AMR
100 _aAmranand, Ping
245 _aThe Elephant in Thai Life & Legend:
250 _a1st ed.
260 _aThailand:
_bMonsoon Editions;
_c1998
300 _a13, 239 p.
_bColor Illus.
_c33.7 cm
700 _aWarren, William
_eAuthor
942 _2ddc
999 _c9984
_d9985